000 00784nam a2200205 a 4500
001 000047260
005 20201002053507.0
008 180417s2015 dr abc 000 0 spa d
020 _a9789944123272 (v.1)
040 _aDO-SdBNP
_bspa
_cBNPHU
082 _axx
_bxx
100 1 _aReyes Báez, Yanett
_974890
245 1 0 _aCiencias de la naturaleza :
_bguía didáctica y soluciolucionario 1-2-3-4-5-6 ; primaria /
_cYanett Reyes Báez ; dirección Milagros del Pilar Rubio Muñoz.
260 _aSanto Domingo :
_bSusaeta,
_c2015.
300 _av. :
_bil. ;
_c29 cm.
505 0 _gv.
_tGuía didáctica y solucionario primario :
590 _aInventariado, 2018/VM
700 1 _aRubio Muñoz, Milagros del Pilar
_edir.
_974969
710 2 _aSusaeta Ediciones (República Dominicana)
_974970
999 _c46748
_d46748